<?xml version="1.0" encoding="UTF-8"?><?xml-stylesheet type="text/xsl" href="static/style.xsl"?><OAI-PMH xmlns="http://www.openarchives.org/OAI/2.0/" xmlns:xsi="http://www.w3.org/2001/XMLSchema-instance" xsi:schemaLocation="http://www.openarchives.org/OAI/2.0/ http://www.openarchives.org/OAI/2.0/OAI-PMH.xsd"><responseDate>2026-06-03T03:11:40Z</responseDate><request verb="GetRecord" identifier="oai:riuma.uma.es:10630/35396" metadataPrefix="marc">https://riuma.uma.es/rest/oai/request</request><GetRecord><record><header><identifier>oai:riuma.uma.es:10630/35396</identifier><datestamp>2026-02-03T11:42:50Z</datestamp><setSpec>com_10630_2254</setSpec><setSpec>col_10630_37956</setSpec></header><metadata><record xmlns="http://www.loc.gov/MARC21/slim" xmlns:dcterms="http://purl.org/dc/terms/" xmlns:doc="http://www.lyncode.com/xoai" xmlns:xsi="http://www.w3.org/2001/XMLSchema-instance" xsi:schemaLocation="http://www.loc.gov/MARC21/slim http://www.loc.gov/standards/marcxml/schema/MARC21slim.xsd">
   <leader>00925njm 22002777a 4500</leader>
   <datafield ind2=" " ind1=" " tag="042">
      <subfield code="a">dc</subfield>
   </datafield>
   <datafield ind2=" " ind1=" " tag="720">
      <subfield code="a">Peláez-Santamaría, Salvador</subfield>
      <subfield code="e">author</subfield>
   </datafield>
   <datafield ind2=" " ind1=" " tag="260">
      <subfield code="c">2022</subfield>
   </datafield>
   <datafield ind2=" " ind1=" " tag="520">
      <subfield code="a">En el presente trabajo se realiza una aproximación a la realidad léxica de la Málaga del siglo XIX. Para ello, se analizan fuentes digitalizadas procedentes de la prensa local de la época provenientes del Archivo Municipal de Málaga, prestando especial atención a la publicidad de los diferentes diarios estudiados. A partir de los años 20, la sociedad burguesa de Málaga experimenta un auge económico y social, y se ve necesitada de publicitar sus necesidades. Como no podía ser de otra forma, la prensa fue su principal aliada y, por esta razón, es una fuente inagotable de información para conocer de primera mano el habla de los malagueños, prestando especial atención a aquellos términos de nueva creación, a los característicos de la variedad andaluza y al léxico que ha ido desapareciendo por falta de uso.</subfield>
   </datafield>
   <datafield ind1="8" ind2=" " tag="024">
      <subfield code="a">Peláez, Salvador (2022): «Neologismos, andalucismos y léxico en desuso en la prensa malagueña decimonónica: una aproximación al habla de la Málaga del XIX», 219-230. En Inés Carrasco El español del siglo XIX en textos impresos y manuscritos. Granada: editorial Comares, colección Interlingua.</subfield>
   </datafield>
   <datafield ind1="8" ind2=" " tag="024">
      <subfield code="a">978-84-1369-433-7</subfield>
   </datafield>
   <datafield ind1="8" ind2=" " tag="024">
      <subfield code="a">https://hdl.handle.net/10630/35396</subfield>
   </datafield>
   <datafield tag="653" ind2=" " ind1=" ">
      <subfield code="a">Español - Lexicología - S. XIX</subfield>
   </datafield>
   <datafield tag="653" ind2=" " ind1=" ">
      <subfield code="a">Periódicos - Lenguaje - S. XIX</subfield>
   </datafield>
   <datafield ind2="0" ind1="0" tag="245">
      <subfield code="a">Neologismos, andalucismos y léxico en desuso en la prensa malagueña decimonónica.</subfield>
   </datafield>
</record>
</metadata></record></GetRecord></OAI-PMH>